000 00968nam a2200253 4500
001 139251
003 ES-MaACL
005 20250401170654.0
007 t|
008 070214s1946 sp r ||||1| spa d
100 1 _aSaroyan, William.
_9103843
245 1 0 _aNena querida /
_cWilliam Saroyan ; traducción del inglés por Ignacio Rodrigo.
250 _a1ª. ed.
260 _aBarcelona :
_bLauro,
_c1946.
300 _a188 p. :
_bil. ;
_c20 cm.
510 _aCCPB,
_c001125181-6.
655 7 _2tgfbne
_9226829
_aCuentos
700 1 _aRodrigo, Ignacio.
_998173
852 _aES-MaACL
_jD-6247
_bR.29294
_bR.M.5842
_9144291
_cSVI
_fSello en tinta azul de la Biblioteca del Ateneo de Madrid.
_xEncuadernación en tela verde con decoración en dorado.
942 _2udc
_cMONOGRAFIA
999 _c139251
_d139251